The Friday Multiple Choice Quiz (General Knowledge) #7 - Statistics

General Stats
  • This quiz has been taken 47 times
  • The average score is 5 of 10
Answer Stats
Question Answer % Correct
Who is actress Millie Bobby Brown's famous rock star father-in-law? Jon Bon Jovi
76%
The word dactylogram is a technical term for what? Fingerprint
69%
Which former French President was sentenced to five years imprisonment in October 2025? Nicolas Sarkozy
69%
Who was the sixth President of the USA? John Quincy Adams
60%
Who composed the opera 'Peter Grimes'? Benjamin Britten
58%
What was the last James Bond movie that starred Pierce Brosnan? Die Another Day
53%
Whereabouts on the human body is the occiput? Back of the head
51%
Which English philosopher authored the 1651 work 'Leviathan'? Thomas Hobbes
44%
From which song do these lyrics come : "Eager young lads, and roues and cads, will offer you food and wine" ? Sixteen Going on Seventeen
31%
Which war between Great Britain and Spain lasted from 1739 til 1748? War of Jenkins' Ear
22%
No matching quizzes found
Score Distribution
Percent of People with Each Score
Percentile by Number Answered
Your Score History
You have not taken this quiz